Statystyki dla Państwa graniczące z Burkina Faso

Kliknij tutaj aby rozwiązać quiz!

Ogólne statystyki

  • Ten quiz został rozwiązany 58 razy
  • Średni wynik to 5 z 6

Statystyki odpowiedzi

Długość granicy w kmOdpowiedź% Poprawnych
628Niger
96%
306Benin
92%
1000Mali
92%
126Togo
90%
548Ghana
84%
584Wybrzeże Kości Słoniowej
84%

Rozkład punktacji

Percentyl według liczby udzielonych odpowiedzi

Procent ludzi z każdym wynikiem

Twoja historia wyników

Nie rozwiązałeś tego quizu